Central Library OPAC University of Rajshahi

Objectives of the physical education lesson / (Record no. 45909)

MARC details
000 -LEADER
fixed length control field 00729nam a22002292 4500
001 - CONTROL NUMBER
control field 45909
003 - CONTROL NUMBER IDENTIFIER
rucl marc code BD-RjUL
005 - DATE AND TIME OF LATEST TRANSACTION
control field 20211209054101.0
008 - FIXED-LENGTH DATA ELEMENTS--GENERAL INFORMATION
fixed length control field 160728s1955 enka 000 0 eng
035 ## - SYSTEM CONTROL NUMBER
System control number OCLC ocm03725902 from D960823M
-- (BD-RjUL)46027
040 ## - CATALOGING SOURCE
Original cataloging agency DLC
Transcribing agency TKN
Modifying agency DLC
-- UKM
-- EQO
-- BD-RjUL
Language of cataloging eng
041 ## - LANGUAGE CODE
Language code of text/sound track or separate title eng
082 ## - DEWEY DECIMAL CLASSIFICATION NUMBER
Classification number 371.732
Author mark and year RAO 1955
100 1# - MAIN ENTRY--PERSONAL NAME
Personal name Randall, M. W.
Fuller form of name (Martin Willis)
9 (RLIN) 140396
245 10 - TITLE STATEMENT
Title Objectives of the physical education lesson /
Statement of responsibility, etc. by M. W. Randall and W. K. Waine.
260 ## - PUBLICATION, DISTRIBUTION, ETC. (IMPRINT)
Place of publication, distribution, etc. London :
Name of publisher, distributor, etc. G. Bell,
Date of publication, distribution, etc. 1955.
300 ## - PHYSICAL DESCRIPTION
Pagination 181 p. :
Illustrations illus. ;
Size 19 cm.
650 #0 - SUBJECT ADDED ENTRY--TOPICAL TERM
Topical term or geographic name as entry element Physical education and training.
9 (RLIN) 140397
700 1# - ADDED ENTRY--PERSONAL NAME
Personal name Waine, W. K.
942 ## - ADDED ENTRY ELEMENTS (KOHA)
Source of classification or shelving scheme Dewey Decimal Classification
Koha item type Books
Holdings
Lost status Source of classification or shelving scheme Damaged status Not for loan Collection code Permanent Location Current Location Shelving location Date acquired Source of acquisition Cost, normal purchase price Total Checkouts Full call number Date last seen Copy number Koha item type
  Dewey Decimal Classification     Non-fiction Central Library, University of Rajshahi Central Library, University of Rajshahi   01/02/1956 A.B.C. 8.80   371.732 RAO 1955 28/07/2016 C-2 Books